000 00761nam a2200265Ia 4500
003 OSt
005 20220926012135.0
006 a|||||r|||| 00| 0
007 ta
008 220923b |||||||| |||| 00| 0 eng d
020 _a465000126
037 _cGeneral Book
040 _aRTL
_cRTL
_beng
041 _2eng
_aeng
082 _aT4.73.N7, L0
100 _aBuchanan James M
_923574
245 0 _aAcademia in anarchy
_b An economic diagnosis
260 _aNew York
_bBasic U S A
_c1970
300 _axi,187p.
_ccm.
500 _aBib p. 178-80
650 _aUniversity Education
700 _a Devletoglou Nicos E
_9282176
942 _hT4.73.N7, L0
_cGB
_2CC
999 _c621844
_d621844